000 00619cab a2200217 4500
001 WB3232-41
008 090401t1996 xxu||||| |||| 00| 0 eng d
035 _a(Sirsi) u73829
041 _aeng
245 _aRacism `rife` in housing market
260 _c1996
350 _a0
490 _aHerald
_v21 August 1996, 1&7
520 _aConsiders allegations of racial discrimination in the Scottish housing market.
650 _aESTATE AGENTS
650 _aRACIAL DISCRIMINATION
650 _aSCOTLAND
690 _aPROPERTY-RESIDENTIAL PROPERTY-RESIDENTIAL PROPERTY MARKET
942 _n0
948 _c04/03/1997
999 _c46601
_d46601